Statistiken für 3. Liga Teams 2022/2023

Klicken Sie hier um das Quiz zu spielen!

Allgemein

  • Dieses Quiz wurde 646 mal gespielt
  • Das Durchschnittsergebnis liegt bei 15 aus 20

Antwortstatistiken

Verein% Korrekt
Dynamo Dresden
93%
Borussia Dortmund II
87%
SC Freiburg II
85%
SV Elversberg
83%
TSV 1860 München
82%
SV Waldhof Mannheim
79%
FC Erzgebirge Aue
78%
1. FC Saarbrücken
76%
FC Ingolstadt 04
76%
Rot-Weiss Essen
76%
VfL Osnabrück
74%
SV Wehen Wiesbaden
73%
FSV Zwickau
69%
SpVgg Bayreuth
69%
Hallescher FC
68%
VfB Oldenburg
67%
MSV Duisburg
66%
FC Viktoria Köln
65%
SC Verl
64%
SV Meppen
61%

Verteilung der Resultate

Perzentil nach korrekt beantworteten Fragen

Anzahl Personen mit jedem Resultat

Ihre Resultats-Entwicklung

Sie haben dieses Quiz noch nicht gespielt